Normal view
MARC view
- SYSTEMS PROGRAMMING (COMPUTER SCIENCE)
Entry Topical Term
001 - CONTROL NUMBER
- control field: 66948
003 - CONTROL NUMBER IDENTIFIER
- control field: NUST
005 - DATE AND TIME OF LATEST TRANSACTION
- control field: 20210628203714.0
008 - FIXED-LENGTH DATA ELEMENTS
- fixed length control field: 210628|| aca||aabn | a|a d
040 ## - CATALOGING SOURCE
- Original cataloging agency: NUST
- Transcribing agency: NUST
150 ## - HEADING--TOPICAL TERM
- Topical term or geographic name entry element: SYSTEMS PROGRAMMING (COMPUTER SCIENCE)
670 ## - SOURCE DATA FOUND
- Source citation: Work cat.: (NUST): Beck, Lelnd L 66947, System software , an introduction to systems programming, 1990
